Management accounting
Salvato in:
| Autore principale: | |
|---|---|
| Natura: | Libro |
| Lingua: | Undetermined |
| Pubblicazione: |
New York, NY.
Continuum
2003
|
| Soggetti: | |
| Tags: |
Aggiungi Tag
Nessun Tag, puoi essere il primo ad aggiungerne! !
|
| Thư viện lưu trữ: | Trung tâm Học liệu Trường Đại học Cần Thơ |
|---|
| LEADER | 00484nam a2200193Ia 4500 | ||
|---|---|---|---|
| 001 | CTU_122380 | ||
| 008 | 210402s9999 xx 000 0 und d | ||
| 020 | |c 59.50 | ||
| 082 | |a 658.1511 | ||
| 082 | |b L935 | ||
| 100 | |a Lucey, Terry | ||
| 245 | 0 | |a Management accounting | |
| 245 | 0 | |c Terry Lucey | |
| 260 | |a New York, NY. | ||
| 260 | |b Continuum | ||
| 260 | |c 2003 | ||
| 650 | |a Managerial accounting | ||
| 904 | |i Minh | ||
| 980 | |a Trung tâm Học liệu Trường Đại học Cần Thơ | ||